00438pab a2200145 454500008004000000100001800040245006000058260000900118300001200127362000800139650003500147650004600182650002200228773004200250180718b1996 xxu||||| |||| 00| 0 eng d aLeurs, Robert aCurrent challenges facing participatory rural appraisal c1996 ap.57-72 aFeb aNon governmental organizations aRural development - Citizen participation aRural development aPublic Administration and Development